000 00572cam a22002171 4500
001 sa 65002854
003 DLC
005 20260227112119.0
008 761206s1964 ii b 001 0 eng
010 _asa 65002854
035 _a(OCoLC)2601907
040 _aDLC
_cNbU
_dDLC
042 _apremarc
050 0 0 _aLC5257.I4
_bS5
100 1 _aSingh, Sohan.
245 1 0 _aSocial education:
_bconcept and method.
260 _aBombay,
_bOrient Longmans
_c[1964]
300 _avi, 228 p.
_c22 cm.
504 _aIncludes bibliographies.
650 0 _aAdult education
_zIndia.
999 _c62854
_d62854